00896nam a2200241Ia 4500003000400000005001700004008004100021020001800062040001800080041000800098082001900106100002800125245012300153250001200276260004400288300003100332650004000363650003600403650003800439942002600477999001900503952013200522OSt20251119095304.0210716s2017 xx 000 0 und d a9781788471220 cAIMIT LIBRARY aeng a005.761 bMALR aMalewar, Rahul.9246297 aLearning informatica powercenter 10.x :benterprise data warehousing and intelligent data centers /cBy Rahul Malewar. a2nd ed. aMumbai :bPackt Publishing Ltd ,c2017. aviii,408 p.;bPBc24.5 cm. aUnderstanding admin console9246298 aLifeline of informatica9246299 aUsing the designer screen9246300 2ddccBKk005.761 MALR c196619d196619 001040708MCAaAIMITbAIMITeKnowledge Worldg1199.00l0o005.761 MALRpMCA16134r2026-05-23 00:00:00v899.25w2021-07-16yBK